TV Shows by Highest-Rated Episodes - Statistics

General Stats
  • This quiz has been taken 54 times
  • The average score is 8 of 18
Answer Stats
Rating Episode Show % Correct
9.3 Homer's Enemy The Simpsons
98%
9.7 The One Where Everybody Finds Out Friends
84%
9.8 Goodbye, Michael The Office
82%
9.9 The Winds of Winter Game of Thrones
65%
9.8 The Ricklantis Mixup Rick and Morty
65%
10 Ozymandias Breaking Bad
57%
9.1 Road to the Multiverse Family Guy
49%
9.6 Scott Tenorman Must Die South Park
43%
9.7 Pine Barrens The Sopranos
41%
9.6 The Opposite Seinfeld
39%
9.9 Sozin's Comet: _____ Aang Avatar: The Last Airbender
33%
9.6 Jurassic Bark Futurama
29%
9.6 The Stockholm Syndrome The Big Bang Theory
24%
8.4 Theo's Holiday The Cosby Show
24%
9.8 Band Geeks SpongeBob SquarePants
12%
9.5 The Inner Light Star Trek: The Next Generation
12%
9.2 Eye of the Beholder The Twilight Zone
10%
8.2 Dr. Sinister The Flintstones
6%
No matching quizzes found
Score Distribution
Percent of People with Each Score
Percentile by Number Answered
Your Score History
You have not taken this quiz